| 000 | 01321nam a2200349 a 4500 | ||
|---|---|---|---|
| 001 | 000029947 | ||
| 003 | DO-SdBNP | ||
| 005 | 20170925104859.0 | ||
| 007 | 000029947 | ||
| 008 | 090723s1971 dr 000 0 spa d | ||
| 040 |
_aBPMSU _bspa _cBPMSU |
||
| 082 | 4 |
_a320.97293 _bE77t, 1971 |
|
| 100 | 1 | _aEspinal, Andrés Julio, | |
| 245 | 1 | 0 |
_aTrujillo, Bosch y yo y el desafio / _cAndrés Julio Espinal. |
| 250 | _a2a ed. corr. y aum. | ||
| 260 |
_aSanto Domingo : _bArte y Cine, _c1971. |
||
| 300 |
_a308 p. ; _c18 cm. |
||
| 500 | _aPublicaciones del Frente Nacional Mantenedor de la Democracia Representativa en la República Dominicana | ||
| 600 | 1 | 4 |
_aBOSCH, JUAN, _d1909-2001 |
| 600 | 1 | 4 |
_aTRUJILLO MOLINA, RAFAEL LEÓNIDAS, _d1891-1961 |
| 651 | 4 |
_aREPÚBLICA DOMINICANA _xPOLÍTICA Y GOBIERNO _y1930-1961 |
|
| 651 | 4 |
_aREPÚBLICA DOMINICANA _xPOLÍTICA Y GOBIERNO _y1961- |
|
| 651 | 4 |
_aREPÚBLICA DOMINICANA _xHISTORIA _yERA DE TRUJILLO, 1930-1961 |
|
| 910 | _aValidado. Control de calidad MFF | ||
| 930 | 1 |
_lBND01 _mLF1 _h320.97293 _820110427 _f04 _pHD |
|
| 942 |
_2ddc _cBK |
||
| 945 | _aInventariado, 2017/MFF | ||
| 956 |
_aBTAVAREZ _b10 _c20110427 _lBND01 _h1446 |
||
| 956 |
_aYPOLANCO _b04 _c20110427 _lBND01 _h1522 |
||
| 956 |
_aMMOLINA _b40 _c20110831 _lBND01 _h0920 |
||
| 956 |
_aVMATEO _b10 _c20150803 _lBPMSU _h00151 |
||
| 999 |
_c8050 _d8050 |
||